000 00564nam a22001817a 4500
999 _c329989
_d329989
003 NUST
005 20170615101856.0
008 151003b xxu||||| |||| 00| 0 eng d
020 _a9693512227
040 _cNUST
082 _a891.4397
_bSHA
100 _912957
_aShafiq ur Rehman
245 _aLehrein
_cShafiq ur Rehman
260 _cLahore:
_aSang-e- Meel
_b2003
300 _a153 p.
500 _aSatire
546 _aIn Urdu
650 _912958
_aUrdu Literature
_xGeneral
880 _aلہریں
_6245-02\(3\r
_cشفیق الرحمٰن
880 _aشفیق الرحمٰن
_6100-01\(3\r
880 _aلاہور:
_6260-03\(3\r
_bسنگ میل پبلی کیشنز،
_c2010
942 _2ddc
_cBK